00346nam a22001337a 4500003000400000005001700004008004100021040000800062082001500070100002000085245005200105260004300157300001200200OSt20190122142838.0190122b ||||| |||| 00| 0 eng d cDLC a268bR569S aRiggs, Ralph M. aA Successful Sunday School /cBy Ralph M.Riggs. aUSA :bGospel Publishing House,c1934. a128 p.: